00515cam a22001692 4500001001100000005001700011008004100028020002700069040001500096050001700111100003600128245006100164260003900225300001700264650003200281700003200313000000858320151021151114.0080428s xx 000 0 eng d a1844806676 :cKES 2725 aKABUcKABU 0aHB172b.M36 1 aMankiw, N. Gregory.@000014827810aMicroeconomics. /cN. Gregory Mankiw and Mark P. Taylor. aLondon :bThomson Learning,c2006. axxiv, 474 p. 0aMicroeconomics.@00001499441 aTaylor, Mark P.@0000159218